A vezetői számviteli információs rendszer kialakítása és működése a Kuti Travel Kft.-nél

Bibliográfiai részletek
Szerző: Bordás Nikolett
További közreműködők: Szekeres Dr. Bernadett
Dokumentumtípus: Diplomadolgozat
Kulcsszavak:kontrolling,
számvitel
költség
Online Access:http://dolgozattar.uni-bge.hu/16995

MARC

LEADER 00000nta a2200000 i 4500
001 dolg16995
005 20190404094240.0
008 180516suuuu hu om 000 hun d
040 |a BGE Dolgozattár Repozitórium  |b hun 
041 |a hu 
100 1 |a Bordás Nikolett 
245 1 2 |a A vezetői számviteli információs rendszer kialakítása és működése a Kuti Travel Kft.-nél  |c Bordás Nikolett  |h [elektronikus dokumentum] 
246 1 1 |a A vezetői számviteli információs rendszer kialakítása és működése a Kuti Travel Kft.-nél 
695 |a kontrolling,  
695 |a számvitel 
695 |a költség 
700 1 |a Szekeres Dr. Bernadett  |e ths 
856 4 0 |u http://dolgozattar.uni-bge.hu/16995/1/felt%C3%B6ntend%C5%91.pdf  |z Dokumentum-elérés